| 000 | 02896cam a2200577Ka 4500 | ||
|---|---|---|---|
| 001 | ocn793104252 | ||
| 003 | OCoLC | ||
| 005 | 20230823095527.0 | ||
| 006 | m o d | ||
| 007 | cr cn||||||||| | ||
| 008 | 120504s2012 gw ob 001 0 eng d | ||
| 040 |
_aDG1 _beng _epn _cDG1 _dCDX _dOCLCO _dE7B _dYDXCP _dDEBSZ _dCOO _dITD _dOCLCQ _dOCLCA _dUMR _dK6U _dOCLCF _dOCLCQ |
||
| 019 |
_a794620347 _a832652050 |
||
| 020 |
_a9783527664863 _q(electronic bk.) |
||
| 020 |
_a3527664866 _q(electronic bk.) |
||
| 020 |
_a9783527411092 _q(Paper) |
||
| 020 |
_a3527411097 _q(Paper) |
||
| 020 | _a9783527664894 | ||
| 020 | _a3527664890 | ||
| 020 |
_a9781280663178 _q(MyiLibrary) |
||
| 020 |
_a1280663170 _q(MyiLibrary) |
||
| 024 | 8 | _a9786613640109 | |
| 029 | 1 |
_aAU@ _b000049484941 |
|
| 029 | 1 |
_aDEBSZ _b372709990 |
|
| 029 | 1 |
_aNZ1 _b15916243 |
|
| 035 |
_a(OCoLC)793104252 _z(OCoLC)794620347 _z(OCoLC)832652050 |
||
| 037 |
_a10.1002/9783527664863 _bWiley InterScience _nhttp://www3.interscience.wiley.com |
||
| 050 | 4 |
_aT174.7 _b.W65 2012 |
|
| 060 | 4 | _aQT36.5 | |
| 072 | 7 |
_aTEC _2eflch |
|
| 082 | 0 | 4 |
_a620.5 _223 |
| 049 | _aMAIN | ||
| 100 | 1 | _aWolf, E. L. | |
| 245 | 1 | 0 |
_aUnderstanding the nanotechnology revolution / _cby Edward L. Wolf, Manasa Medikonda. |
| 260 |
_aWeinheim : _bWiley-VCH ; _aChichester : _bJohn Wiley [distributor], _c2012. |
||
| 300 | _a1 online resource | ||
| 336 |
_atext _btxt _2rdacontent |
||
| 337 |
_acomputer _bc _2rdamedia |
||
| 338 |
_aonline resource _bcr _2rdacarrier |
||
| 505 | 0 | _aFront Matter -- Discovery, Invention, and Science in Human Progress -- Smaller Is More, Usually Better, and Sometimes Entirely New! -- Systematics of Scaling Things Down: = 1 m? 1 nm -- Biology as Successful Nanotechnology -- The End of Scaling: The Lumpiness of All Matter in the Universe -- Quantum Consequences for the Macroworld -- Some Natural and Industrial Self-Assembled Nanostructures -- Injection Lasers and Billion-Transistor Chips -- The Scanning Tunneling Microscope and Scanning Tunneling Microscope Revolution -- Magnetic Resonance Imaging (MRI): Nanophysics of Spin ư -- Nanophysics and Nanotechnology of High-Density Data Storage -- Single-Electron Transistors and Molecular Electronics -- Quantum Computers and Superconducting Computers -- Looking into the Future -- Notes -- Index. | |
| 504 | _aIncludes bibliographical references and index. | ||
| 650 | 0 | _aNanotechnology. | |
| 650 | 7 |
_aNanotechnology. _2fast _0(OCoLC)fst01032639 |
|
| 655 | 4 | _aElectronic books. | |
| 700 | 1 | _aMedikonda, Manasa. | |
| 710 | 2 | _aWiley InterScience (Online service) | |
| 776 | 0 | 8 |
_iPrint version: _aWolf, E.L. _tUnderstanding the nanotechnology revolution. _dWeinheim : Wiley-VCH ; Chichester : John Wiley [distributor], 2012 _z9783527411092 _w(OCoLC)775030646 |
| 856 | 4 | 0 |
_uhttp://dx.doi.org/10.1002/9783527664863 _zWiley Online Library |
| 994 |
_a92 _bDG1 |
||
| 999 |
_c19427 _d19386 |
||
| 526 | _bls | ||